| 000 | 00412nam a22001337a 4500 | ||
|---|---|---|---|
| 999 |
_c504251 _d504251 |
||
| 005 | 20180806163330.0 | ||
| 008 | 180806b ||||| |||| 00| 0 eng d | ||
| 040 | _c | ||
| 100 |
_aIndia. Lok Sabha _9202 |
||
| 245 | _aCommittee on Government Assurances, Lok Sabha, Reports | ||
| 260 |
_aNew Delhi _bLok Sabha Secretariat |
||
| 500 | _aLibrary has 1 2-4), 2 (1), 3 (2), 4 (2-10) 5 (1-3, 5-10) | ||
| 942 |
_2ddc _cGG |
||